Régiók Európája

Elmentve itt :
Bibliográfiai részletek
Szerző: POMOGÁTS Béla
Adatforrás:Meister
Forrásdokumentuma:Korunk. -
3 sz., 1994, 8-13 p.
Nyelv:magyar
Kulcsszavak:politológia
művelődéstörténet
eurorégiók
autonómia
erdélyiség-tudat
kulturális régió
nemzetállam
kultúra
állam
európai integráció
regionalizmus
regionális kultúra
Európa
LEADER 00680nab a2200265 i 4500
001 bibPRO00000034
008 060524s1994 xx hun
040 |a Sz1 
041 |a hun 
100 1 |a POMOGÁTS Béla 
245 1 0 |a Régiók Európája  |c POMOGÁTS Béla 
695 |a politológia 
695 |a művelődéstörténet 
695 |a eurorégiók 
695 |a autonómia 
695 |a erdélyiség-tudat 
695 |a kulturális régió 
695 |a nemzetállam 
695 |a kultúra 
695 |a állam 
695 |a európai integráció 
695 |a regionalizmus 
695 |a regionális kultúra 
695 |a Európa 
773 0 |t Korunk. -  |g 3 sz., 1994, 8-13 p.